书目信息 |
| 题名: |
海水化学
|
|
| 作者: | ;福建水产学校 主编 | |
| 分册: | ||
| 出版信息: | 北京 农业出版社 1983 |
|
| 页数: | 186页 | |
| 开本: | 25cm | |
| 丛书名: | ||
| 单 册: | ||
| 中图分类: | P734.2 | |
| 科图分类: | ||
| 主题词: | 海洋化学 | |
| 电子资源: | ||
| ISBN: | ||
| 000 | 00631nam0 2200241 45 | |
| 001 | 0183006166 | |
| 005 | 20040629152907.4 | |
| 010 | @dCNY1.00 | |
| 091 | @a13144.209 | |
| 100 | @a19950525d1983 em y0chiy0121 ea | |
| 101 | 0 | @achi |
| 102 | @aCN@b110000 | |
| 105 | @ay z 000yy | |
| 106 | @ar | |
| 200 | 10 | @a海水化学@Ahai shui hua xue@f福建水产学校主编 |
| 210 | @a北京@c农业出版社@d1983 | |
| 215 | @a186页@d25cm | |
| 606 | @a海洋化学 | |
| 690 | @aP734.2@v3 | |
| 711 | 02 | @a福建水产学校@Afu jian shui chan xue xiao@4主编 |
| 801 | 0 | @aCN@b上海图书馆@c20040524 |
| 801 | 2 | @aCN@bNLC@c20040524 |
| 905 | @dP734.2@e10@f1@b104148 | |
| 海水化学/福建水产学校主编.-北京:农业出版社,1983 |
| 186页;25cm |
| ISBN :CNY1.00 |
| ● |
| 相关链接 |
|
|
|
|
正题名:海水化学
索取号:P734.2/10
 
预约/预借
| 序号 | 登录号 | 条形码 | 馆藏地/架位号 | 状态 | 备注 |
| 1 | 0104148 | 001935491 | 密集书库/ [索取号:P734.2/10] | 在馆 | |
| 2 | 0104149 | 000624783 | 第三借阅区/ [索取号:P734.2/10] | 在馆 | |
| 3 | 0104150 | 000624774 | 第二样本阅览室/ [索取号:P734.2/10] | 在馆 |